Statistics for Countries closest to the Netherlands alphabetically

Click here to take the quiz!

General Stats

  • This quiz has been taken 142 times
  • The average score is 22 of 24

Answer Stats

HintAnswer% Correct
BBelgium
98%
DDenmark
98%
UUnited Kingdom
98%
GGermany
97%
FFrance
96%
LLuxembourg
95%
YYemen
94%
AAustria
93%
PPoland
93%
QQatar
93%
HHungary
92%
ZZambia
92%
EEstonia
91%
OOman
91%
CCzech Republic
89%
IItaly
89%
SSwitzerland
89%
NNorway
87%
VVatican City
86%
MMonaco
85%
RRomania
83%
JJordan
82%
KKosovo
73%
TTunisia
69%

Score Distribution

Percentile by Number Answered

Percent of People with Each Score

Your Score History

You have not taken this quiz